000 00379nam a2200133Ia 4500
005 20260328104329.0
008 260328s9999||||xx |||||||||||||| ||und||
100 _aTéllez Castañeda, Germán
245 0 _aCamacho y Guerrero Arquitectos /
_cGermán Téllez Castañeda
260 _bSociedad Colombiana de Arquitectos
300 _a243 p.
650 _aARQUITECTOS
942 _cBK
999 _c11634
_d11634